000
00272nam a22001097a 4500
008
240710b |||||||| |||| 00| 0 eng d
100
_a
Kalchand, Amardinomal
_9
16771
245
_a
Phoolan Muth
260
_a
Bombay:
_b
Lok Sewa Mandal;
_c
1964.
300
_a
201p.
942
_c
BK
999
_c
39898
_d
39898